INTERNATIONAL JOURNAL OF NURSING EDUCATION & RESEARCH (Record no. 34997)

MARC details
000 -LEADER
fixed length control field 00257nam a22001097a 4500
003 - CONTROL NUMBER IDENTIFIER
control field SGT
245 ## - TITLE STATEMENT
Title INTERNATIONAL JOURNAL OF NURSING EDUCATION & RESEARCH
260 ## - PUBLICATION, DISTRIBUTION, ETC. (IMPRINT)
Place of publication, distribution, etc INDIA
Name of publisher, distributor, etc MCMED
Year of Publication 2021-2022
300 ## - PAGE DESCRIPTION
No. of Pages 86,416
942 ## - ADDED ENTRY ELEMENTS (KOHA)
Source of classification or shelving scheme Dewey Decimal Classification
Koha item type Back Volumes
Holdings
Withdrawn status Lost status Source of classification or shelving scheme Damaged status Not for loan Collection code Home library Current library Date acquired Volume Information (Serial or Books or Non-Book Material) SGTU Total Checkouts Accession No. (Barcode) Date last seen Bill Date Koha item type
    Dewey Decimal Classification   Not For Loan MEDICAL SGT Medical Library SGT Medical Library 02/07/2026 VOL-8 SGTU   PM1599 02/07/2026 02/07/2026 Back Volumes
    Dewey Decimal Classification   Not For Loan MEDICAL SGT Medical Library SGT Medical Library 02/07/2026 VOL-10 SGTU   PM1600 02/07/2026 02/07/2026 Back Volumes